Violencias cotidianas, violencia de genéro: escuchar, comprender,ayudar
Uloženo v:
| Hlavní autor: | |
|---|---|
| Médium: | Text |
| Vydáno: |
Buenos Aires:
Paidós
|
| Témata: | |
| Tagy: |
Přidat tag
Žádné tagy, Buďte první, kdo vytvoří štítek k tomuto záznamu!
|
MARC
| LEADER | 00000 a a2200000 04500 | ||
|---|---|---|---|
| 001 | 31760 | ||
| 003 | |||
| 040 | |||
| 020 | |a 950-12-4518-7 | ||
| 090 | |a 199300 | ||
| 100 | |a Velázquez, Susana | ||
| 245 | |a Violencias cotidianas, violencia de genéro: escuchar, comprender,ayudar | ||
| 260 | |a Buenos Aires: |b Paidós | ||
| 300 | |a 334 p. | ||
| 500 | |a Incluye notas y referencias bibliográficas | ||
| 650 | |a VIOLENCIA CONTRA LAS MUJERES | ||
| 650 | |a TEORIA | ||
| 650 | |a VIOLENCIA INTRAFAMILIAR | ||
| 650 | |a ABUSO SEXUAL | ||
| 650 | |a HOSTIGAMIENTO SEXUAL | ||
| 650 | |a ANALISIS DE GENERO | ||
| 650 | |a PATRIARCADO | ||
| 650 | |a ROLES DE LOS GENEROS | ||
| 650 | |a ESTEREOTIPOS | ||
| 650 | |a VIOLENCIA | ||
| 650 | |a VICTIMAS | ||
| 650 | |a ASPECTOS PSICOLOGICOS | ||
| 650 | |a TENSION PSICOLOGICA | ||
| 650 | |a TERAPIA | ||
| 650 | |a INTERVENCION | ||
| 999 | |c 6073 |d 6073 | ||



